It's what you know (Record no. 76845)
[ view plain ]
| 000 -LEADER | |
|---|---|
| fixed length control field | 01562cab a2200241 4500 |
| 001 - CONTROL NUMBER | |
| control field | ##L133178 |
| 008 - FIXED-LENGTH DATA ELEMENTS--GENERAL INFORMATION | |
| fixed length control field | 060419n2006 000 0 eng u |
| 035 ## - SYSTEM CONTROL NUMBER | |
| System control number | (Sirsi) u133178 |
| 041 0# - LANGUAGE CODE | |
| Language code of text/sound track or separate title | eng |
| 100 1# - MAIN ENTRY--PERSONAL NAME | |
| Personal name | Murdoch, John |
| 245 00 - TITLE STATEMENT | |
| Title | It's what you know |
| 260 ## - PUBLICATION, DISTRIBUTION, ETC. | |
| Date of publication, distribution, etc. | 2006 |
| 490 #0 - SERIES STATEMENT | |
| Series statement | Estates Gazette |
| Volume/sequential designation | (0614) 8 April 2006, 173(1) |
| 520 ## - SUMMARY, ETC. | |
| Summary, etc. | Looks at the limitation periods relevant to making claims for professional negligence and what the claimant needs to know. The Limitation Act 1980 sets the time periods within which a claimant must start legal proceedings if its claim is not to be statute-barred: six years either from the date of the breach or from the date upon which the claimant suffered loss by relying on negligent advice. Neither of these periods refers to whether the claimant is aware that it has a claim. S14A of the Act created an alternative limitation period for negligence claims in tort. Considers "Haward v Fawcetts" ([2006] UKHL 9, L132903) which confirms that the three-year period for bringing a professional negligence case starts when the claimant has knowledge of certain facts, namely that its loss results from the defendant's act or omission, but it need not know of any negligence. |
| 590 ## - LOCAL NOTE (RLIN) | |
| Local note | IKA250406 |
| 650 24 - SUBJECT ADDED ENTRY--TOPICAL TERM | |
| Topical term or geographic name entry element | LIMITATION ACT 1980 S14A(8) |
| 650 24 - SUBJECT ADDED ENTRY--TOPICAL TERM | |
| Topical term or geographic name entry element | LIMITATION ACT 1980 S14A |
| 650 24 - SUBJECT ADDED ENTRY--TOPICAL TERM | |
| Topical term or geographic name entry element | LATENT DAMAGE ACT 1986 |
| 650 24 - SUBJECT ADDED ENTRY--TOPICAL TERM | |
| Topical term or geographic name entry element | HAWARD AND OTHERS V FAWCETTS |
| 650 24 - SUBJECT ADDED ENTRY--TOPICAL TERM | |
| Topical term or geographic name entry element | DOBBIE V MEDWAY HEALTH AUTHORITY |
| 690 ## - LOCAL SUBJECT ADDED ENTRY--TOPICAL TERM (OCLC, RLIN) | |
| Topical term or geographic name as entry element | MANAGEMENT-BUSINESS MANAGEMENT-PROFESSIONAL PRACTICE-NEGLIGENCE |
| 942 ## - ADDED ENTRY ELEMENTS (KOHA) | |
| Suppress in OPAC | 0 |
| Withdrawn status | Lost status | Source of classification or shelving scheme | Damaged status | Not for loan | Home library | Current library | Shelving location | Date acquired | Total Checkouts | Full call number | Barcode | Date last seen | Copy number | Price effective from | Koha item type |
|---|---|---|---|---|---|---|---|---|---|---|---|---|---|---|---|
| Dewey Decimal Classification | London | London | Journal article | 19/04/2006 | L133178 | 133178-1001 | 06/08/2019 | 1 | 06/08/2019 | Journal article |